000 00839nam a22002297a 4500
005 20260427124640.0
008 260427b |||||||| |||| 00| 0 eng d
020 _a9789373480329 (hbk)
037 _cTB
040 _aCRL
_cCRL
041 _2hin
_ahin
084 _aO152,3NSI,KK R5
_qCRL
100 _aसिंह, रहीस
_91235765
245 _aकैकेयी के राम
260 _aनयी दिल्ली, भारत:
_bवाणी प्रकाशन,
_c2025.
300 _a270पृ.
365 _b695.00
_cINR
650 _aहिन्दी कहानी
650 _aहिन्दी साहित्य
942 _2CC
_cTB
_hO152,3NSI,KK R5
_n0
999 _c1848572
_d1848572